MUMMY TELL ME A STORY (Record no. 376017)

MARC details
000 -LEADER
fixed length control field 00381nam a2200157Ia 4500
008 - FIXED-LENGTH DATA ELEMENTS--GENERAL INFORMATION
fixed length control field 100122s9999 xx 000 0 und d
082 ## - DEWEY DECIMAL CLASSIFICATION NUMBER
Item number 53157
Classification number B823.08
100 ## - MAIN ENTRY--PERSONAL NAME
Personal name ANANDA P L
245 ## - TITLE STATEMENT
Title MUMMY TELL ME A STORY
250 ## - EDITION STATEMENT
Edition statement 0
260 ## - PUBLICATION, DISTRIBUTION, ETC. (IMPRINT)
Name of publisher, distributor, etc SUBHASH PUBLISHERS
Date of publication, distribution, etc 1992
300 ## - PHYSICAL DESCRIPTION
Extent 58
630 ## - SUBJECT ADDED ENTRY--UNIFORM TITLE
Uniform title MUMMY TELL ME A STORY
730 ## - ADDED ENTRY--UNIFORM TITLE
Uniform title MUMMY TELL ME A STORY
942 ## - ADDED ENTRY ELEMENTS (KOHA)
Koha item type Book
Holdings
Withdrawn status Lost status Damaged status Not for loan Home library Current library Date acquired Cost, normal purchase price Total Checkouts Full call number Barcode Date last seen Cost, replacement price Price effective from Koha item type Public note
        S.V. Pathak Library, Vile Parle S.V. Pathak Library, Vile Parle 03/28/1997 5.00   53157 SVPPARLE-53157 01/25/2010 5.00 01/25/2010 Book ", , General, NA"